000 00494nab a2200157Ia 4500
003 ES-SlBCS
005 20210601124322.0
008 140529s1990 xxu||||| |||| 00| 0 eng d
041 _aeng
100 1 _aAndersson, Inger
_9139665
245 0 4 _aThe Formation of School Subjects
_c Inger Andersson, Sigbrit Franke-Wikberg
650 0 4 _aEscuela
_9131104
700 1 _aFranke-Wikberg, Sigbrit
_9139666
773 0 _tEducational Theory
_gvol. 40, nº. 4, 1990, págs. 495-500
_wRev1399
942 _cAR
999 _c512854
_d512854